000 00733nam a2200265Ia 4500
005 20260302113931.0
008 008 260114s9999 xx 000 0 eng d
020 _a9781350495029
037 _aTextbook
040 _aCRL
040 _beng
040 _cCRL
041 _2eng
041 _aeng
084 _qCRL
100 _aPaul McPherron, Trudy Smoke
_91117257
245 0 _aThinking Sociolinguistically How to Plan, Conduct and Present Your Research Project
260 _bBloomsbury
260 _bBloomsbury Academic
260 _c2018
650 _aLinguistics
856 _uhttps://doi.org/10.5040/9781350495029?locatt=label:secondary_bloomsburyCollections
942 _cEBOOK
999 _c1680753
_d1680753